zpět

Detail výsledku týmu

Bristol, Olomouc

Datum a čas kvízu

21 Celkem bodů Celkový počet nahraných bodů na tomto kvízu bez doplňovacích otázek.
7. Pořadí na kvízu Konečné umístění týmu na tomto kvízu.

Zaznamenané odpovědi

# Otázka Odpověď Body Výsledky
1. Vozidla taxislužeb již zřejmě... taxametrem 1
2. Hasiči z hesenského Bensheimu... krysu 0
3. Dlouho očekávané tmavé téma do... Messenger 1
4. Irský oděvní řetězec, populárn... Primark 1
5. Rychlobruslařka Martina Sáblík... v Calgary 1
6. Karlovy Vary, Kutná Hora, Klad... Klatovy 1
7. Oganesson, xenon, radon, argon... neon 0
8. Schillerová, Babiš, Kalousek,... Jan Fischer 0
9. Bohdalová, Kubišová, Rettigová... Božena Němcová 1
10. Komedie omylů, Zkrocení zlé že... Veselé paničky windsorské 0